EA FC26 Cornerstones - Statistics

General Stats
  • This quiz has been taken 6 times
  • The average score is 12 of 52
Answer Stats
# Nation Club Gender Answer % Correct
88 England Chelsea Male Cole Palmer
100%
88 Portugal Al Nassr Male Cristiano Ronaldo
100%
89 Uruguay Real Madrid Male Federico Valverde
100%
89 Germany Liverpool Male Florian Wirtz
100%
86 Colombia Bayern Male Luis Diaz
100%
86 Spain Arsenal Male Martin Zubimendi
100%
87 Spain Athletic Club Male Nico Williams
100%
87 Netherlands Man City Male Tijjani Reijnders
100%
87 England Real Madrid Male Trent Alexander-Arnold
100%
87 Scotland Arsenal Female Kim Little
50%
86 Spain Real Sociedad Male Mikel Oyarzabal
50%
86 Hungary Leipzig Male Willi Orban
50%
86 Spain Barcelona Male Alex Balde
25%
87 Spain Barcelona Female Claudia Pina
25%
86 Portugal PSG Male Joao Neves
25%
85 Germany Lyon Female Jule Brand
25%
88 England Chelsea Female Millie Bright
25%
86 France Lyon Female Wendie Renard
25%
85 USA Chelsea Female Alyssa Thompson
0%
83 England Marseille Male Angel Gomes
0%
85 Germany Stuttgart Male Angelo Stiller
0%
84 Spain Girona Male Arnau Martinez
0%
84 USA Atlanta United Male Brad Guzan
0%
85 France Stade Brest Male Brendan Chardonnet
0%
83 Spain New England Male Carles Gil
0%
84 Germany Freiburg Male Christian Gunter
0%
85 France Lyon Male Corentin Tolisso
0%
83 USA Columbus Crew Male Darlington Nagbe
0%
85 Slovakia Atletico Madrid Male David Hancko
0%
85 Ireland NC Courage Female Denise O'Sullivan
0%
83 Colombia Portland Timbers Male Diego Chara
0%
85 Norway Man United Female Elisabeth Terland
0%
85 Brazil FC Cincinnati Male Evander
0%
85 Italy AS Roma Male Gianluca Mancini
0%
85 Italy Napoli Male Giovanni Di Lorenzo
0%
84 France PSG Female Jade Le Guilly
0%
85 England Everton Male Jordan Pickford
0%
86 Germany Dortmund Male Karim Adeyemi
0%
85 France Juventus Male Khephren Thuram
0%
83 Spain Granada Male Lauri
0%
84 Germany Freiburg Female Lisa Karl
0%
84 France Monaco Male Maghnes Akliouche
0%
85 USA Leverkusen Male Malik Tillman
0%
85 Netherlands Atalanta Male Marten de Roon
0%
83 Morocco Al Fateh Male Marwane Saadane
0%
85 Italy Al Qadsiah Male Mateo Retegui
0%
84 Ghana Spurs Male Mohammed Kudus
0%
85 Argentina Como Male Nico Paz
0%
83 Argentina Rayo Vallecano Male Oscar Trejo
0%
85 Italy Bologna Male Riccardo Orsolini
0%
85 England Nottingham Male Ryan Yates
0%
85 USA Houston Dash Female Yazmeen Ryan
0%
No matching quizzes found
Score Distribution
Percent of People with Each Score
Percentile by Number Answered
Your Score History
You have not taken this quiz